000 00284nam a22001337a 4500
020 _a1-8464-6116-2
082 _a823
_bKIR/B
100 _aKIRK, DAVID
245 _aBASKETBERRY BLUES
260 _aLONDON
_bLADY BIRD
300 _a32
650 _aENGLISH SHORT STORY
_zUK
942 _cBK
999 _c2641
_d2641